00454 a2200145 4500001001000000005001700010008004100027245007500068100002400143700003400167700002700201700002100228773004200249999001700291ART_5185020260410161632.0260409a 10aSeguridad de la información de costos soportada en plataformas de TI1 aSardi, Jorge Carlos1 aCaravallo, Nicolás Andrés1 aCastelnuovo, Nicolás1 aDrezek, Xoana I.0 tEnfoquesg- N°12 (dic. 2020)wREV416 c12556d12556